01528cam a2200289 a 450000100100000000500170001000800410002702000150006803500230008304000300010608200200013624502140015626000790037030000280044949000280047750400330050550002870053865000350082565000450086065100310090570000370093670000280097370000190100171000700102071101170109083000310120700001444920200929163843.0020317s2001 mx a b 000 0 spa d a9706690395 a(NcChMN)MN207BC005 aDO-SdBNPbspacBNPHUdDLC a307.1721bP712g00aPlaneación y gestión urbana y metropolitana en México :buna revisión a la luz de la globalización /ccompilador Roberto García Ortega ; con el apoyo de Alfonso X. Iracheta Cenecorta, Emilio Duhau. aZinacantepec :bColegio de la Frontera Norte ;bColegio Mexiquense,c2001. a266 p. :bil. ;c23 cm.1 aColegio Mexiquensev172 aBibliografías: p. 261-262. aLos documentos resultantes del 1er Simposio sobre Planeación y Gestión Urbana y Metropolitana de la Ciudad de México, que fue organizado febrero 25-26, 1999 en Monterrey, México por el Norte, el Colegio de la Frontera, entre ellos algunos ampliada o documentos actualizados. 4aPlanificación del desarrollo 4aComunicación en planificación urbana 4aMonterrey (México{Rpara}1 aGarcía Ortega, Roberto,ecomp.1 aIracheta C., Alfonso X.1 aDuhau, Emilio.1 aColegio de la Frontera Norte (Tijuana, Baja California, México)1 aSimposio sobre Planeación y Gestión Urbana y Metropolitana en Méxicon(1st :d1999 :cMonterrey, México) 0aColegio Mexiquense ;v172.